000 01031nam a2200265Ia 4500
003 OSt
005 20221005110007.0
006 a|||||r|||| 00| 0
007 ta
008 221004b |||||||| |||| 00| 0 hin d
020 _a9788126032358 (hbk)
_cINR 175.00
024 _a37917
037 _bBW/1665, 14/03/2018, Bookwell
_cTextual
040 _aCRL
_cCRL
_bhin
041 _2hin
_ahin
082 _aO123,3N49,GK, 152Q5
100 _aमार्कोस, ख़्वान मान्वेल, ले.
_9624026
245 0 _aगुंतेर की सर्दियॉं
246 _aGuanter kī sardiyaॉan
260 _aनई दिल्ली
_bसाहित्य अकादेमी भारत
_c2015
300 _a221पृ0
_ccm.
650 _aस्पैनिश साहित्य
942 _hO123,3N49,GK, 152Q5
_cTEXL
_2cc
999 _c1017458
_d1017458